000 00503nam a2200181Ia 4500
008 090123s9999 xx 000 0 und d
082 _b912
100 _aपरांजपे सई
245 _aजादूचा शंख
250 _a1
260 _bभागवत वा.पु.
300 _a20
600 _aपरांजपे सई
630 _aजादूचा शंख
700 _aपरांजपे सई
730 _aजादूचा शंख
942 _cBOOK
999 _c39000
_d39000